000 00600nam a2200229Ia 4500
003 OSt
005 20220923230730.0
006 a|||||r|||| 00| 0
007 ta
008 Pun
024 _a305,148
037 _cTextual
040 _aARTS
_cARTS
_bPun
041 _2Pun
_aPun
082 _aQ8441:332xJ34, 153N0
100 _aਬਾਵਾ, ਜੇ. ਐਸ.
_9159218
245 0 _aਸ੍ਰੀ ਗੁਰੂ ਰਾਮਦਾਸ
260 _c1990
650 _aਧਰਮ
942 _hQ8441:332xJ34, 153N0
_cTEXL
_2CC
999 _c386951
_d386951